The genesis of values (Record no. 44435)
[ view plain ]
| 000 -LEADER | |
|---|---|
| fixed length control field | 01007nam a2200265 a 4500 |
| 001 - CONTROL NUMBER | |
| control field | 12114480 |
| 008 - FIXED-LENGTH DATA ELEMENTS--GENERAL INFORMATION | |
| fixed length control field | 181031s2000 ||||||||||||||||| || u |
| 010 ## - LIBRARY OF CONGRESS CONTROL NUMBER | |
| LC control number | 00060730 |
| 020 ## - INTERNATIONAL STANDARD BOOK NUMBER | |
| International Standard Book Number | 9780745621548 |
| 020 ## - INTERNATIONAL STANDARD BOOK NUMBER | |
| International Standard Book Number | 0226400409 (pbk. : alk. paper) |
| 050 ## - LIBRARY OF CONGRESS CALL NUMBER | |
| Classification number | BD 232 Joa |
| 100 ## - MAIN ENTRY--PERSONAL NAME | |
| Personal name | Joas, Hans |
| 245 14 - TITLE STATEMENT | |
| Title | The genesis of values |
| Statement of responsibility, etc. | By Hans Joas; translated by Gregory Moore. |
| 246 ## - VARYING FORM OF TITLE | |
| Title proper/short title | Entstehung der Werte. English |
| 260 ## - PUBLICATION, DISTRIBUTION, ETC. | |
| Place of publication, distribution, etc. | Chicago: |
| Name of publisher, distributor, etc. | Polity |
| Date of publication, distribution, etc. | 2000 |
| 300 ## - PHYSICAL DESCRIPTION | |
| Extent | xiii, 250p. |
| 350 ## - PRICE (NR) (BK AM CF MU VM SE) [OBSOLETE] | |
| Price | 25.49 |
| 500 ## - GENERAL NOTE | |
| General note | Includes bibliographical references (p. [227]-243) and index |
| 650 #0 - SUBJECT ADDED ENTRY--TOPICAL TERM | |
| Topical term or geographic name entry element | ETHICS |
| 650 #0 - SUBJECT ADDED ENTRY--TOPICAL TERM | |
| Topical term or geographic name entry element | VALUES |
| 856 ## - ELECTRONIC LOCATION AND ACCESS | |
| Uniform Resource Identifier | <a href="http://www.loc.gov/catdir/description/uchi051/00060730.html">http://www.loc.gov/catdir/description/uchi051/00060730.html</a> |
| 856 ## - ELECTRONIC LOCATION AND ACCESS | |
| Uniform Resource Identifier | <a href="http://www.loc.gov/catdir/toc/uchi051/00060730.html">http://www.loc.gov/catdir/toc/uchi051/00060730.html</a> |
| 856 ## - ELECTRONIC LOCATION AND ACCESS | |
| Uniform Resource Identifier | <a href="http://www.loc.gov/catdir/bios/uchi051/00060730.html">http://www.loc.gov/catdir/bios/uchi051/00060730.html</a> |
| 995 ## - RECOMMENDATION 995 [LOCAL, UNIMARC FRANCE] | |
| -- | CBU-MAIN LIBRARY (Kitwe) |
| -- | 25.49 |
| -- | 1 |
| -- | AVAILABLE |
| -- | Oct 31, 2018 |
| -- | Main Library Open Access Collection |
| Withdrawn status | Lost status | Source of classification or shelving scheme | Damaged status | Not for loan | Home library | Current library | Shelving location | Date acquired | Total Checkouts | Full call number | Barcode | Date last seen | Price effective from | Koha item type |
|---|---|---|---|---|---|---|---|---|---|---|---|---|---|---|
| CBU-MAIN LIBRARY, KITWE. | CBU-MAIN LIBRARY, KITWE. | 11/30/2022 | BD 232 Joa | 748735 | 11/30/2022 | 11/30/2022 | MONOGRAPH |